| 000 | 00881nam a22002897a 4500 | ||
|---|---|---|---|
| 003 | CHAP | ||
| 005 | 20220329134244.0 | ||
| 008 | 971013s1958 r 00010 d | ||
| 010 | _a17689 | ||
| 011 | _a18661 | ||
| 035 | _a22746 | ||
| 040 | _cCHAP | ||
| 082 |
_a633.53 _bC4 |
||
| 100 | 0 | 0 |
_aCeapoiu, N. _920651 |
| 245 |
_aCinepa _b: estudiu monografic |
||
| 260 |
_aBucuresti : _bAcademici Republicii Populare Romine, _c1958 |
||
| 300 |
_a652 p. _b: ilus. |
||
| 590 |
_aBATCH-UPD _b10 _c20130110 _lUCH01 _h1538 |
||
| 590 |
_aBATCH-UPD _b10 _c20130410 _lUCH01 _h0941 |
||
| 590 |
_aBATCH-UPD _b10 _c20130914 _lUCH01 _h0909 |
||
| 590 |
_aCONVERSION _b10 _c20130109 _lUCH01 _h1311 |
||
| 650 | 1 | 4 |
_aCáñamo. _924028 |
| 710 | 0 |
_aInstitutul de Cercetari Agronomice. Bucarest. _959477 |
|
| 901 | _aBK | ||
| 942 | _cLIBRO | ||
| 949 |
_a633.53 C4 _bBC _cLIBRO _d-53178 _eLIBRO _h22731 _i22746 _mD _si |
||
| 999 |
_c17689 _d17689 |
||